Manual de peonías : peonías herbáceas /
Guardado en:
| Autor Principal: | |
|---|---|
| Autor Corporativo: | |
| Formato: | Libro |
| Idioma: | Spanish |
| Publicado: |
Esquel :
EEA INTA Esquel,
c2008.
|
| Etiquetas: |
Agregar Etiqueta
Sin Etiquetas, Sea el primero en etiquetar este registro!
|
| LEADER | 00575nam a22001455a 4500 | ||
|---|---|---|---|
| 001 | EEA.libagro008348 | ||
| 005 | 20160922112853.0 | ||
| 008 | 130809s2008####ag#a##########000#0#spa#d | ||
| 082 | 0 | 4 | |a 635.9 |
| 100 | 1 | |a Bobadilla, Segundo E. | |
| 245 | 1 | 0 | |a Manual de peonías : |b peonías herbáceas / |c Segundo E. Bobadilla ... [et al.]. |
| 260 | |a Esquel : |b EEA INTA Esquel, |c c2008. | ||
| 300 | |a 32 p. : |b fot. col ; |c 22 cm. | ||
| 710 | 2 | |a Instituto Nacional de Tecnología Agropecuaria (Argentina). |b Estación Experimental Agropecuaria Esquel. | |
| 859 | |a AR-BbBCA |b BIB. AGRONOMIA |h 635.9 |i B663 |p 2010/5761 | ||
